कथा पुरुष : (Record no. 120301)

MARC details
000 -LEADER
fixed length control field 01214nam a22002897a 4500
003 - CONTROL NUMBER IDENTIFIER
control field dpl
005 - DATE AND TIME OF LATEST TRANSACTION
control field 20181212152607.0
008 - FIXED-LENGTH DATA ELEMENTS--GENERAL INFORMATION
fixed length control field 181212b ||||| |||| 00| 0 eng d
010 ## - LIBRARY OF CONGRESS CONTROL NUMBER
LC control number B-057634
020 ## - INTERNATIONAL STANDARD BOOK NUMBER
Terms of availability 120.00
International Standard Book Number 8187482095
035 ## - SYSTEM CONTROL NUMBER
System control number B-057634
035 ## - SYSTEM CONTROL NUMBER
System control number B-78764
037 ## - SOURCE OF ACQUISITION
Source of stock number/acquisition Cen Lib/Ret
040 ## - CATALOGING SOURCE
Original cataloging agency DPL
Language of cataloging HN
Transcribing agency dpl
082 ## - DEWEY DECIMAL CLASSIFICATION NUMBER
Classification number 823.08
Item number मदन
100 ## - MAIN ENTRY--PERSONAL NAME
Personal name मदन सोनी
9 (RLIN) 2233
245 ## - TITLE STATEMENT
Title कथा पुरुष :
Statement of responsibility, etc मदन सोनी
Remainder of title निर्मल वर्मा पर चार निबन्ध /
246 ## - VARYING FORM OF TITLE
Title proper/short title Katha purush : Nirmal Verma par char nibandh /
Remainder of title by Madan Soni
260 ## - PUBLICATION, DISTRIBUTION, ETC. (IMPRINT)
Place of publication, distribution, etc बीकानेर
Name of publisher, distributor, etc वाग्देवी प्रकाशन
Date of publication, distribution, etc 2000
270 ## - ADDRESS
City बीकानेर
Address सुगन निवास, चन्दनसागर
Postal code 334001
300 ## - PHYSICAL DESCRIPTION
Extent 120पृ.
Dimensions 21सेमी(सजिल्द)
650 ## - SUBJECT ADDED ENTRY--TOPICAL TERM
Topical term or geographic name as entry element हिन्दी -- निबंध -- निर्मल वर्मा
9 (RLIN) 49594
650 ## - SUBJECT ADDED ENTRY--TOPICAL TERM
Topical term or geographic name as entry element हिन्दी -- साहित्य
9 (RLIN) 89590
650 ## - SUBJECT ADDED ENTRY--TOPICAL TERM
Topical term or geographic name as entry element Hindi - essay - Nirmal Verma
9 (RLIN) 89591
650 ## - SUBJECT ADDED ENTRY--TOPICAL TERM
Topical term or geographic name as entry element Hindi literature
9 (RLIN) 89592
942 ## - ADDED ENTRY ELEMENTS (KOHA)
Source of classification or shelving scheme Dewey Decimal Classification
Koha item type Hindi Books
Classification part 823.08
Call number suffix मदन
Holdings
Withdrawn status Lost status Damaged status Not for loan Home library Current library Date acquired Source of acquisition Cost, normal purchase price Total Checkouts Full call number Barcode Date last seen Copy number Cost, replacement price Price effective from Koha item type Source of classification or shelving scheme Collection code
        Central Library Central Library 21/09/2015 Cen Lib/Ret 120.00   823.08 मदन B-057634 21/09/2015 1 120.00 21/09/2015 Hindi Books    
        Qila Rai Pithora Qila Rai Pithora 12/12/2018 वाग्देवी प्रकाशन 120.00   823.08 मदन B-78764 12/12/2018   120.00 12/12/2018 Hindi Books Dewey Decimal Classification Non-fiction

© Delhi Public Library
Hit Counter
free hit counter